|
|
|
|
| LEADER |
00000nab a2200000 a 4500 |
| 001 |
vtls000706820 |
| 003 |
SK-MaSNL |
| 005 |
20260302180735.0 |
| 008 |
180205c1999 xo 0 slo |
| 015 |
|
|
|a SNBRB1999/10-26026
|
| 035 |
|
|
|a CLN000058987
|
| 040 |
|
|
|a SNKBUCL
|b slo
|c SNKBUCL
|e AACR2
|
| 041 |
0 |
|
|a slo
|
| 044 |
|
|
|a xo
|c SK
|
| 080 |
|
|
|a 681.3.066
|2 UDC-MRF-SK2
|
| 100 |
1 |
|
|a Macko, Ondrej
|4 aut
|9 270160
|
| 245 |
1 |
0 |
|a Operačný systém Windows 98 v slovenskej verzii
|c Ondrej Macko
|
| 246 |
1 |
1 |
|a Slovak release of Windows 98
|
| 500 |
|
|
|a Súbežný názov a text angl.
|
| 650 |
0 |
7 |
|a Microsoft Windows 98 (operačný systém)
|2 snkbucl
|9 529936
|
| 655 |
|
7 |
|a články z novín a časopisov
|2 snkbucl
|9 267496
|
| 773 |
0 |
|
|x 1335-1435
|t Burza
|g Č. 2 (1999), s. 69-72
|
| 850 |
|
|
|a Slovenská národná knižnica v Martine
|
| 852 |
|
|
|a SNK
|b KIS3GCP
|
| 958 |
|
|
|a RBX
|
| 999 |
|
|
|c 1411713
|d 1413643
|